Marxismo y sociología = Marxim and sociology /

Sparad:
Bibliografiska uppgifter
Huvudupphovsman: Lefebvre, Henri
Övriga upphovsmän: Alfaro Vargas, Roy (traductor)
Materialtyp: Text
Taggar: Lägg till en tagg
Inga taggar, Lägg till första taggen!

MARC

LEADER 00000 a a2200000 04500
001 47067
003
040
090 |a REV0862 142(IV)2013  
100 |a Lefebvre, Henri  
245 |a Marxismo y sociología =   |b Marxim and sociology /  |c Henri Lefebvre; traducido por Roy Alfaro Vargas  
700 |a Alfaro Vargas, Roy   |e traductor 
773 |a volumen142, número4, (2013), páginas 87-100  
999 |c 36806  |d 36806 
773 0 |0 18728  |9 3006  |a Universidad de Costa Rica  |d San José, Costa Rica Editorial UCR 1956-  |o 16459  |t Revista de Ciencias Sociales/  |x 04825276